| 000 | 00562nam a2200229Ia 4500 | ||
|---|---|---|---|
| 005 | 20230302112406.0 | ||
| 008 | 230125s9999 xx 000 0 und d | ||
| 020 | _a9798189011184 | ||
| 041 | _aeng | ||
| 082 |
_a659.1 _bCHA |
||
| 100 |
_aChaturvedi G D _9118300 |
||
| 245 | _aThe Ethics Reporting The News | ||
| 250 | _a1st Ed. | ||
| 260 |
_c2004 _bABD Publication _aJaipur |
||
| 300 | _a245p | ||
| 500 | _aadvertising;IMC | ||
| 650 |
_aadvertising;IMC _9119906 |
||
| 700 |
_aChaturvedi G D _9118300 |
||
| 906 | _b168 | ||
| 942 | _cBK | ||
| 999 |
_c96317 _d96317 |
||